000 00860nas a2200253 4500
001 BR2013001005
003 BR-BrBNA
005 20231205121941.0
007 ta
008 230509b bl.|||p| |||| 00| 00por d
040 _aBR-BrBNA
_bpor
_cBiblioteca Nacional de Agricultura
041 _a(Pt)
072 _aQ04; Q02
100 1 _aMota, R.V. da
245 1 _aAvaliação da qualidade físico-química e aceitabilidade de passas de pêssego submetidas à desidratação osmótica
650 _aPRUNUS PERSICA
650 _aSECAGEM
650 _aANÁLISE DE ALIMENTO
650 _aREVESTIMENTO
773 0 _tCiência e Tecnologia de Alimentos (Brazil)
_xISSN 1678-457X
_g(Oct-Dec 2005), V. 25(4) p. 789-794
_wBR2013001005
856 4 0 _uhttp://www.scielo.br/pdf/cta/v25n4/27652.pdf
909 _a202311
_bLúcia
_c55
_dLúcia Elande
942 _2AGRIS
_n0
_cANA
999 _c226106
_d226106